| 000 -ლიდერი |
| ფიქსირებული სიგრძის საკონტროლო ველი |
01201nam a2200205Ia 4500 |
| 001 - საკონტროლო ნომერი |
| საკონტროლო ველი |
5586 |
| 003 - საკონტროლო ნომრის იდენტიფიკატორი |
| საკონტროლო ველი |
GE_BSU |
| 005 - ბოლო ოპერაციის თარიღი და დრო |
| საკონტროლო ველი |
20190507114144.0 |
| 008 - ფიქსირებული სიგრძის მონაცემთა ელემენტები - ზოგადი ინფორმაცია |
| ფიქსირებული სიგრძის საკონტროლო ველი |
181216s1985||||ge |||||||||||||| ||geo|| |
| 040 ## - კატალოგიზაციის წყარო |
| Transcribing agency |
GE_BSU |
| 041 ## - ენის კოდი |
| Language code of text/sound track or separate title |
geo |
| 080 ## - უნივერსალური ათობითი კლასიფიკაციის ინდექსი |
| Universal Decimal Classification number |
69(075.8) : 658 ს-24 |
| 245 ## - ცნობა სათაურის შესახებ |
| Title |
სამშენებლო წარმოების ორგანიზაცია, დაგეგმვა და მართვა : |
| Remainder of title |
სახელმძღვ. / |
| Statement of responsibility, etc |
ი. გ .გალკინის საერთო რედაქციით ; მთარგმნ. ი. შენგელია ; ქართ. თარგმ. რედ. ა. კუჭუხიძე. |
| 264 ## - წარმოების, გამოცემის, დისტრიბუციის და სხვა ცნობები |
| გამოცემის, წარმოების, დისტრიბუციის... ადგილი |
თბილისი : |
| გამოცემის, წარმოების, დისტრიბუციის... სახელწოდება |
უნ-ტის გამ-ბა, |
| გამოცემის, წარმოების, დისტრიბუციის... თარიღი |
1985. |
| 300 ## - ფიზიკური აღწერა |
| Extent |
556 გვ. : |
| Other physical details |
ილ. ; |
| Dimensions |
22 სმ. |
| 653 ## - INDEX TERM--UNCONTROLLED |
| Uncontrolled term |
სამშენებლო წარმოების ორგანიზაცია, დაგეგმვა და მართვა |
| 700 ## - ADDED ENTRY--PERSONAL NAME |
| Personal name |
შენგელია, ი. |
| Relator term |
მთარგმნელი |
| 9 (RLIN) |
820 |
| 700 ## - ADDED ENTRY--PERSONAL NAME |
| Personal name |
კუჭუხიძე, ა. |
| Relator term |
ქართული თარგმანის რედაქტორი |
| 9 (RLIN) |
821 |
| 942 ## - ADDED ENTRY ELEMENTS (KOHA) |
| Koha item type |
წიგნი |
| Source of classification or shelving scheme |
|